000
00294nam a2200097Ia 4500
008
220204s9999 xx 000 0 und d
082
_a
354
_b
CIV
245
0
_a
Civil list of the Indian administrative service, January 1964 and January 1986
260
_a
New Delhi
_b
Govt of India
_c
1986
942
_c
BK
999
_c
39201
_d
39201